| 000 | 00780nam a22002897a 4500 | ||
|---|---|---|---|
| 003 | CHAP | ||
| 005 | 20220329134429.0 | ||
| 008 | 971013s1964 r 00010 d | ||
| 010 | _a20375 | ||
| 011 | _a21347 | ||
| 035 | _a25437 | ||
| 040 | _cCHAP | ||
| 082 |
_a574.193 _bD59 1964 |
||
| 100 | 0 | 0 |
_aDixon, Malcolm. _933061 |
| 245 | _aEnzymes | ||
| 250 | _a2 ed. | ||
| 260 |
_aLondon : _bLongmans, _c1964 |
||
| 300 | _a950 p. | ||
| 590 |
_aBATCH-UPD _b10 _c20130110 _lUCH01 _h0137 |
||
| 590 |
_aBATCH-UPD _b10 _c20130110 _lUCH01 _h1402 |
||
| 590 |
_aCONVERSION _b10 _c20130109 _lUCH01 _h1312 |
||
| 650 | 1 | 4 |
_aEnzimas. _937195 |
| 700 | 0 |
_aWebb, Edwin C. _9121265 |
|
| 901 | _aBK | ||
| 942 | _cLIBRO | ||
| 949 |
_a574.193 D59 1964 _bBC _cLIBRO _d33724000429098 _eLIBRO _h8171 _i25437 _si |
||
| 999 |
_c20375 _d20375 |
||